Fertilización nitrogenada y potásica a campo y nivel foliar de nitratos en ajo ("Allium sativum") /
Guardado en:
| Autor Principal: | |
|---|---|
| Autor Corporativo: | |
| Otros Autores: | , , , |
| Formato: | Artículo |
| Idioma: | Spanish |
| Publicado: |
1980.
|
| Etiquetas: |
Agregar Etiqueta
Sin Etiquetas, Sea el primero en etiquetar este registro!
|
| LEADER | 00972nab a22002295a 4500 | ||
|---|---|---|---|
| 001 | EEA.libagro010993 | ||
| 008 | 180704s1980####ag############0###0#spa#d | ||
| 005 | 20211209172239.0 | ||
| 245 | 1 | 0 | |a Fertilización nitrogenada y potásica a campo y nivel foliar de nitratos en ajo ("Allium sativum") / |c R.M. Martínez, A.M. Miglierina, M.R. Landriscini, R.A. Rosell y H.P. Rojas. |
| 260 | |c 1980. | ||
| 300 | |a p. : |b il. ; |c 25 cm. | ||
| 500 | |a Publicaciones del LAHBIS. | ||
| 773 | 0 | |7 ||as |t Revista de Investigaciones Agropecuarias |x 0325-8718 |g v. 15(3), pp. 469-478 | |
| 100 | 1 | |a Martínez, Roberto Melchor. | |
| 700 | 1 | |a Miglierina, Ana María. | |
| 700 | 1 | |a Landriscini, María Rosa. | |
| 700 | 1 | |a Rosell, Ramón Antonio. | |
| 700 | 1 | |a Rojas, H. P. | |
| 710 | 2 | |a Universidad Nacional del Sur. |b Departamento de Ciencias Agrarias. |b Laboratorio de Humus y Biodinámica del Suelo. | |
| 082 | 0 | 4 | |a 631.417 |
| 082 | 0 | 4 | |a 635.26 |
| 859 | |a AR-BbBCA |b BIB. AGRONOMIA |h 631.417 |i B151 1 |p 1996/2682 | ||
